Príspevok k základom dynamiky viskóznych kvapalín : Habil.práca : Obh. 27.06.1967 /

Gespeichert in:
Bibliographische Detailangaben
1. Verfasser: Náter, Ivan (Verfasst von)
Format: Manuskript Buch
Veröffentlicht: Bratislava : SVŠT v Bratislave EF, 1967
Tags: Tag hinzufügen
Keine Tags, Fügen Sie das erste Tag hinzu!

MARC

LEADER 00000ntm a22000003a 4500
001 stu7290
005 20150617225808.9
008 ------s1967----------------------------d
040 |a STU  |b slo 
041 0
100 1 |a Náter, Ivan  |4 aut 
245 1 |a Príspevok k základom dynamiky viskóznych kvapalín :  |b Habil.práca : Obh. 27.06.1967 /  |c [aut.] Náter,Ivan, RNDr 
260 |a Bratislava :  |b SVŠT v Bratislave EF,  |c 1967 
300 |a 32 s 
996 |b 284ED00806  |c E*HABIL-13  |l EE01  |s A  |a 24  |w stu7290_0001 
996 |b 284ED00805  |c E*HABIL-14  |l EE01  |s A  |a 24  |w stu7290_0002